| 000 | 00499ntaaa2200193 4500 | ||
|---|---|---|---|
| 003 | 01 | ||
| 005 | 20251027202122.0 | ||
| 008 | 0714s1973 ag 01 | ||
| 040 |
_aAR-BaBN _bspa _cAR-BaBN _eaacr _dRIC |
||
| 082 | _a261.8000 Sch1e | ||
| 100 |
_aScharf, Betty R _919672 |
||
| 245 | _aEl estudio sociológico de la religión | ||
| 250 | _a1 ed. | ||
| 260 |
_aBarcelona : _bSeix Barral, _c1974 |
||
| 300 | _a292 p | ||
| 650 |
_asociologia religiosa _918485 |
||
| 650 |
_aWeber, Max _919673 |
||
| 942 | _cBK | ||
| 999 |
_c16085 _d16085 |
||